Vista normal
Vista MARC
Entrada Personal Name
Número de registros utilizados en: 3
001 - CONTROL NUMBER
- control field: 38
003 - CONTROL NUMBER IDENTIFIER
- control field: DO-SdBNP
005 - DATE AND TIME OF LATEST TRANSACTION
- control field: 20160829105025.0
008 - FIXED-LENGTH DATA ELEMENTS
- fixed length control field: 160829|| aca||aabn | a|a d
040 ## - CATALOGING SOURCE
- Original cataloging agency: DO-SdBNP
100 1# - HEADING--PERSONAL NAME
- Personal name: Vargas, Gaby,
- Dates associated with a name: 1953-
400 ## - SEE FROM TRACING--PERSONAL NAME
- Personal name: Vargas de González, Gabriela
- Dates associated with a name: 1953-
670 ## - SOURCE DATA FOUND
- Source citation: El arte de convivir y la cortesía social
- Information found: tomado de la portada
670 ## - SOURCE DATA FOUND
- Source citation: Gaby Vargas
- Uniform Resource Identifier: http://www.gabyvargas.com/biografia